00595 2200229 4500001002100000005001500021035002000036007000300056008004100059020001800100082001100118084001700129100001700146245004400163250001000207260003400217300002200251650001000273520003300283520004100316990000800357INLIS00000000000001820170904110754 a0010-0917000004ta170904 0 ind  a979-017-025-4 a297.32 a297.32 M.A k0 aM.Abu Ayyash1 aKeajaiban Sholat Dhuha /cM. Abu Ayyash acet.1 aJakarta :bQultumMedia,c2007 a142 hlm ;c19 x13 aAgama aSebab Rezeki Hak Semua Orang aSebab Kemiskinan Mendekati Kekufuran a269